000
00280nam a2200109Ia 4500
001
587403
005
20250717113816.0
008
250717s9999 xx 000 0 und d
245
0
_a
X-4 PES ETME 1
_c
AHMET BİLAL YAPRAKDAL
260
_b
UĞUR BÖCEĞİ YAYINLARI
_c
2018
300
_b
32
999
_c
587403
_d
587403